• 首页
  • 本馆介绍
  • 公告通知
  • 最新文献
  • 馆藏检索
  • 电子资源
  • 读者导购
  • 参考咨询
  • 我的图书馆
  • 登录
  • 详细信息显示
  • 放入我的书架
  • 预约/预借图书
  • 作者相关作品
  • 分类相关作品
  • 丛书相关作品
  • 出版社相关作品

书目信息

  • 表格格式
  • 工作单格式
  • 卡片格式
题名:
黄河内蒙古段典型POPs在多相介质中迁移机理及环境归趋行为研究
    
 
作者: 裴国霞 著
分册:  
出版信息: 北京   中国水利水电出版社  2021.3
页数: 208页
开本: 24cm
丛书名:
单 册:
中图分类: X522
科图分类:
主题词:
电子资源:
ISBN: 978-7-5170-9438-8
000 01094nam0 2200241 45
001 012001001930
005 20140912164004.0
010    @a978-7-5170-9438-8@dCNY68.00
100    @a20210616d2021 em y0chiy50 ea
101 0  @achi
102    @aCN@b110000
105    @aa z 000yy
106    @ar
200 1  @a黄河内蒙古段典型POPs在多相介质中迁移机理及环境归趋行为研究@Ahuang he nei meng gu duan dian xing POPs zai duo xiang jie zhi zhong qian yi ji li ji huan jing gui qu xing wei yan jiu@b专著@f裴国霞[等]著
210    @a北京@c中国水利水电出版社@d2021.3
215    @a208页@c图@d24cm
304    @a著者还有:张琦、韩艳红、韩珍
330    @a本书选择黄河内蒙古段为研究区域,阐述了典型持久性有机污染物——六六六、多氯联苯及多环芳烃,在水沙协同作用下及水体冻融过程中的时空变异特性、迁移转化规律,评价了目标物质对典型河段水体环境造成的潜在污染风险,并通过Ⅲ、Ⅳ级逸度模型探究了α-HCH在多相介质间的环境归趋。
607    @a黄河流域@x有机污染物@x河流污染@x研究@y内蒙古
690    @aX522@v5
701  0 @a裴国霞@Apei guo xia@4著
801  0 @aCN@bBJSDL@c20211011
905    @b1337772-5@dX522@e259@f4
    
    黄河内蒙古段典型POPs在多相介质中迁移机理及环境归趋行为研究/裴国霞[等]著.-北京:中国水利水电出版社,2021.3
    208页:图;24cm
    
    
    ISBN 978-7-5170-9438-8:CNY68.00
    本书选择黄河内蒙古段为研究区域,阐述了典型持久性有机污染物——六六六、多氯联苯及多环芳烃,在水沙协同作用下及水体冻融过程中的时空变异特性、迁移转化规律,评价了目标物质对典型河段水体环境造成的潜在污染风险,并通过Ⅲ、Ⅳ级逸度模型探究了α-HCH在多相介质间的环境归趋。
●
相关链接 在E读中查询图书 在五车中查询图书 在当当中查询图书 在豆瓣中查询图书


正题名:黄河内蒙古段典型POPs在多相介质中迁移机理及环境归趋行为研究     索取号:X522/259         预约/预借

序号 登录号 条形码 馆藏地/架位号 状态 备注
1 1337772   213377727   第二样本阅览室/ [索取号:X522/259] 在馆    
2 1337773   213377736   第三借阅区/ [索取号:X522/259] 在馆    
3 1337774   213377745   第三借阅区/ [索取号:X522/259] 在馆    
4 1337775   213377754   第三借阅区/ [索取号:X522/259] 在馆    
唐山师范学院图书馆 欢迎您!
大连网信软件有限公司© 版权所有